Электронно-лучевая наплавка износостойких и коррозионно-стойких покрытий на низкоуглеродистую сталь; Известия Томского политехнического университета [Известия ТПУ]; Т. 321, № 2 : Математика и механика. Физика

Bibliografiset tiedot
Parent link:Известия Томского политехнического университета [Известия ТПУ]/ Томский политехнический университет (ТПУ).— , 2000-
Т. 321, № 2 : Математика и механика. Физика.— 2012.— [С. 86-89]
Muut tekijät: Полетика И. М., Макаров С. А., Тетюцкая М. В., Крылова Т. А.
Yhteenveto:Заглавие с титульного листа
Электронная версия печатной публикации
Методом электронно-лучевой наплавки на ускорителе электронов порошковых смесей хрома с карбидом бора в соотношении 3:1 и при изменении параметров излучения получены износостойкие и коррозионно-стойкие покрытия. На основании исследования структуры и фазового состава покрытий изучена природа формирования этих свойств.
Kieli:venäjä
Julkaistu: 2012
Sarja:Математика и механика. Физика
Aiheet:
Linkit:http://earchive.tpu.ru/bitstream/11683/4373/1/bulletin_tpu-2012-321-2-19.pdf
Aineistotyyppi: MixedMaterials Elektroninen Kirjan osa
KOHA link:https://koha.lib.tpu.ru/cgi-bin/koha/opac-detail.pl?biblionumber=223018

MARC

LEADER 00000nla2a2200000 4500
001 223018
005 20231031200130.0
035 |a (RuTPU)RU\TPU\book\243250 
035 |a RU\TPU\book\243245 
090 |a 223018 
100 |a 20121003d2012 k y0rusy50 ca 
101 0 |a rus 
102 |a RU 
135 |a drnn ---uucaa 
181 0 |a i  
182 0 |a b 
200 1 |a Электронно-лучевая наплавка износостойких и коррозионно-стойких покрытий на низкоуглеродистую сталь  |b Электронный ресурс  |f И. М. Полетика [и др.] 
203 |a Текст  |c электронный 
215 |a 1 файл (760 Кб) 
225 1 |a Математика и механика. Физика 
230 |a Электронные текстовые данные (1 файл : 760 Кб) 
300 |a Заглавие с титульного листа 
300 |a Электронная версия печатной публикации 
320 |a [Библиогр.: с. 89 (8 назв.)] 
330 |a Методом электронно-лучевой наплавки на ускорителе электронов порошковых смесей хрома с карбидом бора в соотношении 3:1 и при изменении параметров излучения получены износостойкие и коррозионно-стойкие покрытия. На основании исследования структуры и фазового состава покрытий изучена природа формирования этих свойств. 
337 |a Adobe Reader 
461 1 |0 (RuTPU)RU\TPU\book\176237  |t Известия Томского политехнического университета [Известия ТПУ]  |f Томский политехнический университет (ТПУ)  |d 2000- 
463 1 |0 (RuTPU)RU\TPU\book\243214  |x 1684-8519  |t Т. 321, № 2 : Математика и механика. Физика  |v [С. 86-89]  |d 2012  |p 156 с. 
610 1 |a релятивистские электроны 
610 1 |a наплавки 
610 1 |a коррозионная стойкость 
610 1 |a структура 
610 1 |a микротвердость 
610 1 |a износостойкость 
610 1 |a электронный ресурс 
701 1 |a Полетика  |b И. М. 
701 1 |a Макаров  |b С. А. 
701 1 |a Тетюцкая  |b М. В. 
701 1 |a Крылова  |b Т. А. 
801 1 |a RU  |b 63413507  |c 20090623  |g PSBO 
801 2 |a RU  |b 63413507  |c 20220114  |g PSBO 
856 4 |u http://earchive.tpu.ru/bitstream/11683/4373/1/bulletin_tpu-2012-321-2-19.pdf 
942 |c CF